广东省历史文化测验 Guangdong history and culture quiz - Statistics

General Stats
  • This quiz has been taken 146 times
  • The average score is 13 of 20
Answer Stats
问题 答案 % Correct
省内经济特区 深圳
99%
省内主要方言 粤语
98%
汕头
95%
珠海
94%
客家话
93%
近代著名军事学院 黄埔军校
89%
闽语
75%
海南岛
71%
秦至三国间大部分区域所属郡 南海郡
70%
清代至1950年代广东省管辖,后分出的地区 北部湾地区
65%
“广东”得名于宋朝管辖此处的路名 广南东路
63%
首批国家历史文化名城,建有广济桥 潮州
63%
五代十国时归属国家(917-971) 南汉国
50%
文房四宝之一在广东的特产 端砚
44%
乳源瑶族自治县
41%
省内民族自治县 连南瑶族自治县
35%
连山壮族瑶族自治县
35%
写出一个传统广东音乐的代表曲目 《步步高》《彩云追月》等
29%
省内世界文化遗产 开平碉楼与村落
25%
首批国家级非物质文化遗产,一种庆典舞蹈 广东醒狮
21%
No matching quizzes found
Score Distribution
Percent of People with Each Score
Percentile by Number Answered
Your Score History
You have not taken this quiz